|
|
|
|
| LEADER |
00000nam a2200000 a 4500 |
| 001 |
vtls001218878 |
| 003 |
SK-MaSNL |
| 005 |
20260301194803.0 |
| 008 |
240226s1994 xo r slo |
| 015 |
|
|
|a SNBA1996/0902393
|
| 020 |
|
|
|a 8070920033
|c (1000 výt.)
|
| 035 |
|
|
|a SNK000162733
|
| 035 |
|
|
|a urn:nbn:sk:snk-amkf7t
|
| 035 |
|
|
|a urn:nbn:sk:snk-am008fhs
|
| 035 |
|
|
|a 63769006-D75A-438B-9077-E1EFBBBB544B
|
| 040 |
|
|
|a SNK
|b slo
|c SNK
|e AACR2
|
| 041 |
0 |
|
|a slo
|
| 044 |
|
|
|a xo
|c SK
|
| 080 |
|
|
|a 943.762.6-22"1294/1994"
|2 1981
|
| 245 |
0 |
0 |
|a Drietoma, 1244-1994
|c [zostavila: Erika Blažejová]
|
| 260 |
|
|
|a Drietoma
|b Obecný úrad
|a Trenčín
|b Regionálne kultúrne stredisko
|c 1994
|
| 300 |
|
|
|a 89 s.
|b Fotogr.
|c 21 cm
|
| 500 |
|
|
|a Údaj o zost. prevzatý z tiráže
|
| 521 |
|
|
|a Vyd. pri príležitosti 750. výr. prvej písomnej zmienky o obci
|
| 655 |
|
7 |
|a jubilejné publikácie
|2 SNK
|9 70339
|
| 700 |
1 |
|
|a Blažejová, Erika
|4 com
|9 42929
|
| 919 |
|
|
|a 80-7092-003-3
|
| 958 |
|
|
|a OND
|
| 958 |
|
|
|a TL
|
| 999 |
|
|
|c 883136
|d 885066
|
| 952 |
|
|
|t P60, <09>, [BOOK], {629}
|a SNK
|b SNK
|y NEVYP
|7 0
|o snkC 1278
|i snk2398/960724
|0 0
|1 0
|4 0
|d 1996-07-23
|l 0
|r 2005-01-01 00:00:00
|w 2026-02-24
|
| 952 |
|
|
|t P60, <03>, [BOOK], {603}
|a SNK
|b SNK
|y PREZ
|7 0
|p 17A0007080
|o snkSC 90886
|i snkKSP 5776/96
|0 0
|1 0
|4 0
|d 1996-07-23
|f 1
|l 0
|r 2025-09-09 00:00:00
|w 2026-02-24
|
| 952 |
|
|
|t P60, <04>, [BOOK], {604}
|a SNK
|b SNK
|y VYP
|7 0
|p 17A0007079
|o snkSC 90886 D1
|i snkKSP 5777/96
|0 0
|1 0
|4 0
|d 1996-07-23
|l 0
|r 2005-01-01 00:00:00
|w 2026-02-24
|